000 00889nam a2200193 i 4500
001 187829
003 SpMaBN
005 20230906223036.0
008 180312s1920 sp |||| | spa d
080 _a82.09".../04"
100 1 _aGarriga y Palau, Francisco Javier (
_d1864-1941)
_9164360
245 1 0 _aEstudios elementales de literatura
_b: el antiguo Oriente y los clásicos /
_cFrancisco J. Garriga.
250 _a2ª ed.
260 _aBarcelona :
_bLibrería Bosch,
_c1920 (
_fImp. Labraña)
300 _a383 p. ;
_c18 cm.
505 8 _aContiene: ;
_tNociones preliminares de etnografía: la religión, el lenguaje y las razas troncales ;
_tEl antiguo Oriente ;
_tLiteratura griega ;
_tLiteratura latina
650 0 4 _aLiteratura antigua-
_xHistoria y crítica.
_914503
852 _aES-MaACL
_jL-31892
_z- Enc. cart.
_z. - Donat. herederos de la bibl. de Mª del Pilar Costa Palacín
999 _c187829
_d187829